<?xml version="1.0" encoding="UTF-8"?>
<record
    xmlns:xsi="http://www.w3.org/2001/XMLSchema-instance"
    xsi:schemaLocation="http://www.loc.gov/MARC21/slim http://www.loc.gov/standards/marcxml/schema/MARC21slim.xsd"
    xmlns="http://www.loc.gov/MARC21/slim">

  <leader>00763nam a2200205 a 4500</leader>
  <controlfield tag="001"> 85729</controlfield>
  <controlfield tag="003">BD-RjUL</controlfield>
  <controlfield tag="005">20250917092456.0</controlfield>
  <controlfield tag="008">250917s1963    pk ||||| |||| 00| 0 urd d</controlfield>
  <datafield tag="035" ind1=" " ind2=" ">
    <subfield code="a">(BD-RjUL) 85729</subfield>
  </datafield>
  <datafield tag="040" ind1=" " ind2=" ">
    <subfield code="a">BD-RjUL</subfield>
    <subfield code="b">eng</subfield>
    <subfield code="c">BD-RjUL</subfield>
  </datafield>
  <datafield tag="041" ind1=" " ind2=" ">
    <subfield code="a">urd</subfield>
  </datafield>
  <datafield tag="082" ind1=" " ind2=" ">
    <subfield code="2">23</subfield>
    <subfield code="a"> 891.43909</subfield>
    <subfield code="b">KAJ 1963</subfield>
  </datafield>
  <datafield tag="100" ind1=" " ind2=" ">
    <subfield code="a"> &#x6A9;&#x634;&#x641;&#x6CC;, &#x633;&#x6CC;&#x62F; &#x627;&#x628;&#x648; &#x627;&#x644;&#x62E;&#x6CC;&#x631; ;; Kashfi, Syed Abul Khair</subfield>
    <subfield code="9">16923</subfield>
  </datafield>
  <datafield tag="245" ind1=" " ind2=" ">
    <subfield code="a">&#x62C;&#x62F;&#x6CC;&#x62F; &#x627;&#x62F;&#x628; &#x6A9;&#x6D2; &#x62F;&#x648; &#x62A;&#x646;&#x642;&#x6CC;&#x62F;&#x6CC; &#x62C;&#x627;&#x626;&#x632;&#x6D2; / Jad&#x12B;d adab ke do tanq&#x12B;d&#x12B; j&#x101;&#x2BE;ize /</subfield>
    <subfield code="c">&#x633;&#x6CC;&#x62F; &#x627;&#x628;&#x648; &#x627;&#x644;&#x62E;&#x6CC;&#x631; &#x6A9;&#x634;&#x641;&#x6CC;, Sayyid Mu&#x1E25;ammad Ab&#x16B;l&#x1E35;&#x1E96;air Kashf&#x12B; </subfield>
  </datafield>
  <datafield tag="260" ind1=" " ind2=" ">
    <subfield code="a">  Kar&#x101;c&#x12B; :</subfield>
    <subfield code="b"> &#x627;&#x631;&#x62F;&#x648; &#x627;&#x6A9;&#x6CC;&#x688;&#x645;&#x6CC; &#x633;&#x646;&#x62F;&#x6BE;,/ Urd&#x16B; Akai&#x1E0D;im&#x12B; Sindh</subfield>
    <subfield code="c">  1963</subfield>
  </datafield>
  <datafield tag="300" ind1=" " ind2=" ">
    <subfield code="a">109 p. ; </subfield>
    <subfield code="c">17 cm</subfield>
  </datafield>
  <datafield tag="650" ind1=" " ind2=" ">
    <subfield code="a">urdu adb</subfield>
    <subfield code="9">16924</subfield>
  </datafield>
  <datafield tag="942" ind1=" " ind2=" ">
    <subfield code="2">ddc</subfield>
    <subfield code="c">BK</subfield>
  </datafield>
  <datafield tag="999" ind1=" " ind2=" ">
    <subfield code="c">85729</subfield>
    <subfield code="d">85729</subfield>
  </datafield>
  <datafield tag="952" ind1=" " ind2=" ">
    <subfield code="0">0</subfield>
    <subfield code="1">0</subfield>
    <subfield code="2">ddc</subfield>
    <subfield code="4">0</subfield>
    <subfield code="7">1</subfield>
    <subfield code="8">NFIC</subfield>
    <subfield code="a">RUCL</subfield>
    <subfield code="b">RUCL</subfield>
    <subfield code="c">Reading</subfield>
    <subfield code="d">1971-10-13</subfield>
    <subfield code="e">Sh. Mubarak ali</subfield>
    <subfield code="g">2.00</subfield>
    <subfield code="l">0</subfield>
    <subfield code="o">U  891.43909 KAJ 1963</subfield>
    <subfield code="r">2025-09-17 00:00:00</subfield>
    <subfield code="t">C-1</subfield>
    <subfield code="w">2025-09-17</subfield>
    <subfield code="y">BK</subfield>
  </datafield>
</record>
